00309 a2200133 450000100060000008200170000610000230002324500340004625000100008026000360009030000080012650000270013450500140016181483 a297.1227 MOD aAbual Alla Maududi aTafhim ul Quran (Vol-V)hUrdu aVol-V aLahorebTarjaman ul Quranc2010 a664 aDOS BS Reference Books aAHQ Books